000 00426cam a2200181ua 4500
020 _c12.60
041 _aeng
_h
082 _a541.351
_bSOU/PH
100 _aSouthworth, J .
245 _aPhotographic chemicals and chemistry /
_cJ Southworth.
_hTextual Documents
250 _a3 /
_b.
300 _a125 ; .
365 _a12.60
504 _a
700 1 _aBentley, T L J .
942 _cBK
999 _c7111
_d7111